000 00386nam a2200145Ia 4500
008 090124s9999 xx 000 0 und d
082 _b403365
245 _a जनी नामयाची
250 _a1
260 _bगोळे लीला
_c1994
300 _a44
630 _a जनी नामयाची
730 _a जनी नामयाची
942 _cBOOK
999 _c199848
_d199848